[Event "SR 2. liga A 2005/2006"]
[Site "?"]
[Date "2005.10.23"]
[Round "12.3"]
[White "Magyar, Frantisek"]
[Black "Horak, Ivan"]
[Result "1-0"]
[WhiteElo "1990"]
[BlackElo "2153"]
[PlyCount "69"]
[EventDate "2005.??.??"]

1. d4 Nf6 2. Nf3 c5 3. d5 e6 4. c4 exd5 5. cxd5 d6 6. Nc3 g6 7. e4 Bg7 8. Be2
O-O 9. O-O Bg4 10. h3 Bxf3 11. Bxf3 a6 12. a4 b6 13. Re1 Re8 14. Qc2 Nbd7 15.
Be3 Nf8 16. g3 Qd7 17. Bg2 b5 18. axb5 axb5 19. Rxa8 Rxa8 20. e5 Ne8 21. exd6
c4 22. Bf4 Nxd6 23. Bxd6 Qxd6 24. Nxb5 Qb4 25. Nc3 Rb8 26. Re2 Nd7 27. Nd1 Ne5
28. Ne3 Rc8 29. Rd2 c3 30. bxc3 Rxc3 31. Qa2 Rc1+ 32. Kh2 h5 33. d6 h4 34. d7
hxg3+ 35. fxg3 1-0

[Event "SR 2. liga A 2005/2006"]
[Site "?"]
[Date "2005.10.23"]
[Round "12.4"]
[White "Kovarik, Oto"]
[Black "Vrba, Michal"]
[Result "1/2-1/2"]
[WhiteElo "2108"]
[BlackElo "1968"]
[PlyCount "78"]
[EventDate "2005.??.??"]

1. e4 d5 2. exd5 Qxd5 3. Nf3 Nf6 4. d4 c6 5. c4 Qd8 6. Nc3 Bf5 7. Bd3 Bxd3 8.
Qxd3 e6 9. Bg5 Be7 10. O-O h6 11. Bh4 Nbd7 12. a3 a5 13. Rad1 O-O 14. Rfe1 Re8
15. Qe2 Qc7 16. Bg3 Bd6 17. Ne5 Rad8 18. c5 Bxe5 19. dxe5 Nd5 20. Ne4 Kh8 21.
Nd6 Rf8 22. Rc1 b6 23. cxb6 Qxb6 24. Qc2 c5 25. Re2 Qa6 26. Rd2 Kg8 27. Qa4 Qa7
28. Nc4 Ra8 29. f3 Rfc8 30. Bf2 N7b6 31. Qb5 Nxc4 32. Rxc4 Rab8 33. Rxc5 Rxc5
34. Qxc5 Qa6 35. g3 Rc8 36. Qd4 Rc1+ 37. Rd1 Rc2 38. Kg2 Qe2 39. Kg1 Rxb2
1/2-1/2

[Event "SR 2. liga A 2005/2006"]
[Site "?"]
[Date "2005.10.23"]
[Round "12.5"]
[White "Lutter, Ladislav"]
[Black "Kubis, Ivan"]
[Result "1-0"]
[WhiteElo "1961"]
[BlackElo "2069"]
[PlyCount "67"]
[EventDate "2005.??.??"]

1. d4 Nf6 2. c4 e6 3. Nc3 Bb4 4. a3 Bxc3+ 5. bxc3 O-O 6. Bg5 h6 7. Bh4 d5 8. e3
Nbd7 9. Bd3 b6 10. cxd5 exd5 11. Ne2 Re8 12. O-O Bb7 13. Qc1 c5 14. f3 Qe7 15.
Bf2 Rac8 16. Qd2 Bc6 17. Ng3 Nf8 18. Rfe1 c4 19. Bc2 b5 20. Nf5 Qd8 21. a4 bxa4
22. Bxa4 Bxa4 23. Rxa4 Qd7 24. Qc2 g6 25. Ng3 Rb8 26. Rea1 Rb7 27. h3 Reb8 28.
e4 Rb2 29. Qc1 dxe4 30. fxe4 Qb7 31. d5 Qb3 32. Bd4 N6d7 33. Rxa7 Rc2 34. Qf4 {
time} 1-0

[Event "SR 2. liga A 2005/2006"]
[Site "?"]
[Date "2005.10.23"]
[Round "12.6"]
[White "Pribila, Michal"]
[Black "Kucera, Michal"]
[Result "1-0"]
[WhiteElo "1987"]
[BlackElo "1988"]
[PlyCount "61"]
[EventDate "2005.??.??"]

1. e4 c5 2. Nf3 Nc6 3. d4 cxd4 4. Nxd4 Nf6 5. Nc3 e5 6. Ndb5 d6 7. Bg5 a6 8.
Na3 b5 9. Nd5 Be7 10. Bxf6 Bxf6 11. c3 O-O 12. Nc2 Bg5 13. h4 Bh6 14. g4 Bf4
15. Nce3 Bxe3 16. Nxe3 Be6 17. Bg2 Qc7 18. g5 Rad8 19. h5 Ne7 20. h6 g6 21. Qf3
f5 22. gxf6 Nc8 23. Bh3 Bf7 24. Nd5 Bxd5 25. exd5 Kh8 26. Be6 Ne7 27. f7 Nf5
28. Qg4 Qe7 29. O-O-O Qf6 30. Rd3 Ne7 31. Rf3 1-0

[Event "SR 2. liga A 2005/2006"]
[Site "?"]
[Date "2005.10.23"]
[Round "12.7"]
[White "Nagy, Edmund"]
[Black "Kasanicky, Robert"]
[Result "1-0"]
[WhiteElo "1985"]
[BlackElo "1980"]
[PlyCount "81"]
[EventDate "2005.??.??"]

1. d4 d5 2. c4 e6 3. Nf3 Nf6 4. e3 Be7 5. Bd3 O-O 6. O-O dxc4 7. Bxc4 b6 8. Nc3
Bb7 9. Qe2 Bb4 10. a3 Bxc3 11. bxc3 Nbd7 12. Nd2 c5 13. e4 Rc8 14. e5 Ne8 15.
a4 Nc7 16. Ne4 Bxe4 17. Qxe4 Re8 18. Rd1 f5 19. Qb7 Ra8 20. Bf4 Qc8 21. Qc6
cxd4 22. cxd4 Nf8 23. Rac1 Qd7 24. Qf3 Rac8 25. Bb3 Nd5 26. h3 Ng6 27. Bg3 Nge7
28. Bh4 h6 29. Bxe7 Nxe7 30. Rxc8 Rxc8 31. d5 Nxd5 32. Bxd5 exd5 33. Rxd5 Qe6
34. Qb3 Kh7 35. Qd3 Rc5 36. Rxc5 bxc5 37. Qd6 Qc4 38. e6 Qe4 39. e7 c4 40. Qd8
Qc2 41. Qb8 1-0

[Event "SR 2. liga A 2005/2006"]
[Site "?"]
[Date "2005.10.23"]
[Round "12.8"]
[White "Sefcik, Marek"]
[Black "Priam, Stefan"]
[Result "1-0"]
[WhiteElo "1971"]
[BlackElo "1887"]
[PlyCount "109"]
[EventDate "2005.??.??"]

1. Nc3 e5 2. Nf3 Nc6 3. d4 exd4 4. Nxd4 Nxd4 5. Qxd4 Nf6 6. Bg5 Be7 7. e4 O-O
8. O-O-O d6 9. Bc4 a6 10. e5 Ng4 11. Bxe7 Qxe7 12. exd6 cxd6 13. Rhe1 Qg5+ 14.
f4 Qc5 15. h3 Nf6 16. Qxd6 Qxd6 17. Rxd6 b5 18. Bd5 Nxd5 19. Nxd5 Bb7 20. Ne3
h6 21. g4 Rfe8 22. Kd2 Re4 23. f5 f6 24. c3 Rae8 25. Nc2 R4e5 26. Rxe5 Rxe5 27.
Ne3 Kf8 28. Rd7 Bf3 29. Ra7 h5 30. Rxa6 hxg4 31. hxg4 Re4 32. Rb6 Re5 33. b3
Ke7 34. Ra6 Re4 35. Ra7+ Kf8 36. Ra5 Re5 37. c4 Bc6 38. cxb5 Bxb5 39. a4 Bc6
40. Rxe5 fxe5 41. Nc4 e4 42. Ke3 Ke7 43. Nd2 Kf6 44. Nxe4+ Ke5 45. Nc5 Bd5 46.
Nd3+ Kd6 47. b4 Bb3 48. a5 Bc4 49. Kd4 Bb5 50. g5 Bd7 51. f6 gxf6 52. gxf6 Be8
53. Ne5 Bb5 54. f7 Ke7 55. Kc5 1-0

[Event "SR 2. liga A 2005/2006"]
[Site "?"]
[Date "2005.11.26"]
[Round "13.1"]
[White "Tepper, Frantisek"]
[Black "Bojda, Lubomir"]
[Result "1/2-1/2"]
[WhiteElo "2216"]
[BlackElo "2133"]
[PlyCount "48"]
[EventDate "2005.??.??"]

1. e4 d6 2. d4 Nf6 3. Nc3 c6 4. Nf3 Bg4 5. Be2 Nbd7 6. O-O e5 7. Be3 Be7 8. Nd2
Bxe2 9. Qxe2 O-O 10. f4 Ne8 11. Rad1 Qc7 12. Nf3 Nef6 13. Nd2 Rfe8 14. Qf3 Bf8
15. h3 Rad8 16. Qf2 b5 17. Qf3 Qb7 18. g4 exd4 19. Bxd4 b4 20. Ne2 c5 21. Bxf6
Nxf6 22. Ng3 d5 23. e5 Nd7 24. Kg2 Nb6 1/2-1/2

[Event "SR 2. liga A 2005/2006"]
[Site "?"]
[Date "2005.11.26"]
[Round "13.2"]
[White "Skreno, Vladimir"]
[Black "Fabry, Robert"]
[Result "1-0"]
[WhiteElo "2192"]
[BlackElo "2198"]
[PlyCount "81"]
[EventDate "2005.??.??"]

1. d4 Nf6 2. Nf3 e6 3. c4 b6 4. g3 Bb7 5. Bg2 d5 6. cxd5 Nxd5 7. Nc3 Bb4 8. Bd2
O-O 9. O-O Bxc3 10. bxc3 Nd7 11. Qc2 Qc8 12. e4 N5f6 13. Rfe1 h6 14. c4 Re8 15.
Bc3 c5 16. d5 exd5 17. cxd5 b5 18. Nh4 b4 19. Bb2 c4 20. Bd4 Ne5 21. Nf5 Qd7
22. f4 Nd3 23. Bxf6 Nxe1 24. Rxe1 gxf6 25. Qd1 Qxf5 26. exf5 c3 27. Rxe8+ Rxe8
28. d6 Bxg2 29. Kxg2 Rd8 30. d7 Kg7 31. Qd6 c2 32. Qc7 Rxd7 33. Qxc2 a5 34. Kf3
Rd8 35. Ke3 Re8+ 36. Kd2 Ra8 37. Qc6 Rd8+ 38. Kc2 Rd4 39. Qc5 Re4 40. Qxa5 Re2+
41. Kb3 1-0

[Event "SR 2. liga A 2005/2006"]
[Site "?"]
[Date "2005.11.26"]
[Round "13.3"]
[White "Janos, Jozef"]
[Black "Bisco, Igor"]
[Result "0-1"]
[WhiteElo "2227"]
[BlackElo "2110"]
[PlyCount "96"]
[EventDate "2005.??.??"]

1. d4 Nf6 2. Nf3 g6 3. g3 Bg7 4. Bg2 O-O 5. c4 d6 6. O-O Nc6 7. Nc3 a6 8. d5
Na5 9. Nd2 c5 10. Qc2 Rb8 11. a4 Re8 12. e4 Ng4 13. h3 Ne5 14. b3 f5 15. Bb2 e6
16. Rae1 b5 17. f4 bxc4 18. fxe5 cxb3 19. Qb1 Qg5 20. Nf3 Qd8 21. exd6 e5 22.
Kh2 Nc4 23. Bc1 Qa5 24. Qd3 Nxd6 25. Bd2 Qb6 26. Nh4 Rf8 27. Bg5 Rf7 28. exf5
gxf5 29. Bd2 a5 30. Qb1 e4 31. Bf4 Bxc3 32. Rc1 Bd4 33. Rfd1 Qb4 34. Bxd6 Rb6
35. Bf4 Qxa4 36. Rf1 c4 37. Rfe1 Bg7 38. Bg5 c3 39. Bf4 c2 40. Rxc2 Ba6 41.
Rec1 Bd3 42. Rc8+ Bf8 43. R1c7 Bxb1 44. Bg5 Qd4 45. Bh6 Rbf6 46. d6 Rxh6 47.
Nxf5 Qd3 48. Rc5 Qd2 0-1

[Event "SR 2. liga A 2005/2006"]
[Site "?"]
[Date "2005.11.26"]
[Round "13.4"]
[White "Cvicela, Anton"]
[Black "Hebelka, Milos"]
[Result "1-0"]
[WhiteElo "2177"]
[BlackElo "2102"]
[PlyCount "111"]
[EventDate "2005.??.??"]

1. e4 e5 2. Nf3 Nc6 3. Nc3 d6 4. d4 Be7 5. Bc4 Nf6 6. h3 O-O 7. d5 Nb8 8. Be3
a6 9. a4 a5 10. O-O Na6 11. Bd3 Nb4 12. Ne2 Nxe4 13. Bxe4 f5 14. Bd3 e4 15.
Bxe4 fxe4 16. Nh2 Qe8 17. Qd2 Bf6 18. c3 Nd3 19. Ng3 b6 20. f3 Be5 21. Nxe4 Nf4
22. Ng4 Ba6 23. Rfe1 Nd3 24. Red1 Qh5 25. Ng5 Bg3 26. Ne6 Rf7 27. Bd4 Qg6 28.
Qc2 c5 29. Be3 h5 30. Nh2 Re8 31. c4 Nf4 32. Qxg6 Nxg6 33. b3 Nf8 34. Nf1 Be5
35. Ng5 Rfe7 36. Ra2 Bc8 37. Ne4 Bf5 38. Bg5 Rd7 39. Nfd2 Bd4+ 40. Kh2 Ng6 41.
g4 hxg4 42. hxg4 Bxe4 43. Nxe4 Be5+ 44. Kg2 Rf7 45. Rh1 Rff8 46. Rf2 Kf7 47. f4
Bd4 48. Nxd6+ Kg8 49. Nxe8 Rxe8 50. Rf3 Re2+ 51. Kg3 Re4 52. Bd8 Nxf4 53. Rxf4
Be5 54. Rhf1 Kh7 55. g5 Kg6 56. Kg4 1-0

[Event "SR 2. liga A 2005/2006"]
[Site "?"]
[Date "2005.11.26"]
[Round "13.5"]
[White "Mikulas, Dusan"]
[Black "Kisonova, Katarina"]
[Result "1-0"]
[WhiteElo "2148"]
[BlackElo "2146"]
[PlyCount "43"]
[EventDate "2005.??.??"]

1. e4 c5 2. Nf3 e6 3. d4 cxd4 4. Nxd4 a6 5. Nc3 Qc7 6. Bd3 Nf6 7. O-O Be7 8.
Kh1 O-O 9. f4 d6 10. Nf3 Nbd7 11. Qe1 g6 12. f5 Nc5 13. fxg6 fxg6 14. Bg5 Nh5
15. Qh4 Rf4 16. g4 Bf6 17. Bxf6 Nxf6 18. Ne2 Rxf3 19. Rxf3 Nfxe4 20. Raf1 h5
21. Rf8+ Kg7 22. b4 1-0

[Event "SR 2. liga A 2005/2006"]
[Site "?"]
[Date "2005.11.26"]
[Round "13.6"]
[White "Lahucky, Pavol"]
[Black "Kolman, Richard"]
[Result "1-0"]
[WhiteElo "2107"]
[BlackElo "2096"]
[PlyCount "73"]
[EventDate "2005.??.??"]

1. c4 e5 2. Nc3 Nc6 3. e4 g6 4. d3 Bg7 5. Be3 Nge7 6. Be2 O-O 7. Qd2 f5 8. g3
Nd4 9. h4 f4 10. gxf4 exf4 11. Bxd4 Bxd4 12. Nf3 Bg7 13. h5 c6 14. O-O-O d5 15.
hxg6 hxg6 16. Rh4 dxc4 17. d4 b5 18. Rdh1 g5 19. Rh5 g4 20. Ne5 Bxe5 21. Rxe5
Ng6 22. Reh5 Rf7 23. d5 f3 24. Bf1 Qf6 25. dxc6 Be6 26. Rxb5 Rd8 27. Nd5 Qg7
28. Ne7+ Nxe7 29. Qxd8+ Rf8 30. Qd6 Qf6 31. Rhh5 c3 32. Rbg5+ Ng6 33. b3 c2 34.
e5 Qf4+ 35. Kxc2 Bf5+ 36. Bd3 Bxd3+ 37. Qxd3 1-0

[Event "SR 2. liga A 2005/2006"]
[Site "?"]
[Date "2005.11.26"]
[Round "13.7"]
[White "Milanov, Jasen"]
[Black "Peska, Juraj"]
[Result "1-0"]
[WhiteElo "1988"]
[BlackElo "2020"]
[PlyCount "63"]
[EventDate "2005.??.??"]

1. c4 e6 2. Nc3 Nf6 3. e4 d5 4. e5 Nfd7 5. d4 dxc4 6. Bxc4 Nb6 7. Bb3 Nc6 8.
Nf3 Be7 9. O-O O-O 10. a3 a6 11. Qd3 Re8 12. Bc2 g6 13. Ne4 Nd5 14. g3 f6 15.
exf6 Nxf6 16. Neg5 e5 17. Bb3+ Kg7 18. Qc4 Rf8 19. dxe5 Ng4 20. Nf7 Qe8 21. e6
Bxe6 22. Qxe6 Rxf7 23. Qxf7+ Qxf7 24. Bxf7 Kxf7 25. Bf4 Bf6 26. Bxc7 Bxb2 27.
Rab1 Bxa3 28. Rxb7 Kg8 29. h3 Nf6 30. Rb6 Nd5 31. Rxc6 Rc8 32. Rxa6 1-0

[Event "SR 2. liga A 2005/2006"]
[Site "?"]
[Date "2005.11.26"]
[Round "13.8"]
[White "Hertel, Ondrej"]
[Black "Janecek, Jan"]
[Result "1-0"]
[WhiteElo "1960"]
[BlackElo "1990"]
[PlyCount "21"]
[EventDate "2005.??.??"]

1. d4 d5 2. c4 c6 3. Nf3 Nf6 4. Nc3 Bg4 5. cxd5 cxd5 6. Qb3 Bc8 7. Bf4 e6 8.
Rc1 Bd6 9. Bxd6 Qxd6 10. Nb5 Qd7 11. Ne5 1-0

[Event "SR 2. liga A 2005/2006"]
[Site "?"]
[Date "2005.11.26"]
[Round "14.1"]
[White "Matejovic, Juraj"]
[Black "Rohacek, Miroslav"]
[Result "0-1"]
[WhiteElo "2248"]
[BlackElo "2233"]
[PlyCount "94"]
[EventDate "2005.??.??"]

1. e4 a6 2. d4 b5 3. Bd3 Bb7 4. Nf3 d6 5. O-O Nd7 6. a4 b4 7. a5 e6 8. Re1 Be7
9. Bd2 d5 10. e5 c5 11. c3 c4 12. Bf1 b3 13. h4 h5 14. Bg5 Nh6 15. Nbd2 Nf5 16.
g3 g6 17. Bh3 Nb8 18. Bxf5 gxf5 19. Bxe7 Kxe7 20. Nf1 Nc6 21. Qd2 Kf8 22. Qg5
Qxg5 23. hxg5 Bc8 24. Ne3 Rb8 25. Ra3 Rb5 26. Rea1 Kg7 27. Ng2 Ne7 28. Nf4 Bd7
29. Kf1 Bc8 30. Ke2 Nc6 31. Ke3 Kf8 32. g6 Kg7 33. Ng5 f6 34. Ngxe6+ Bxe6 35.
Nxe6+ Kxg6 36. f4 Rb7 37. Nc5 Ra7 38. Rh1 Nb8 39. Ra4 Nc6 40. Kf3 Rhh7 41. Re1
h4 42. e6 h3 43. Rh1 Rae7 44. Nxa6 Rxe6 45. Nc5 Re8 46. a6 Rhe7 47. Rxh3 Re2
0-1

[Event "SR 2. liga A 2005/2006"]
[Site "?"]
[Date "2005.11.26"]
[Round "14.2"]
[White "Machalova, Veronika"]
[Black "Hrivnak, Martin"]
[Result "0-1"]
[WhiteElo "2211"]
[BlackElo "2177"]
[PlyCount "76"]
[EventDate "2005.??.??"]

1. e4 d6 2. d4 g6 3. Nc3 Bg7 4. Be3 Nf6 5. f3 c6 6. Qd2 h5 7. Rd1 d5 8. e5 Ng8
9. Nge2 Nh6 10. Bf4 Na6 11. h4 Nc7 12. Ng3 Ne6 13. Be3 f6 14. exf6 exf6 15.
Nce2 Nf7 16. Nf4 Nxf4 17. Bxf4 O-O 18. Kf2 f5 19. Ne2 Qb6 20. c3 Be6 21. g3
Rfe8 22. Kg2 a5 23. Nc1 Nd8 24. Nd3 Bf7 25. Be2 Ne6 26. Be3 Qc7 27. Rhe1 Nf8
28. Bf4 Qd8 29. Nc5 Ne6 30. Nxb7 Nxf4+ 31. Qxf4 Qb8 32. Nd6 Re6 33. Nxf7 Qxf4
34. gxf4 Kxf7 35. Bd3 Rae8 36. Kf2 Bf6 37. Kg3 Rb8 38. b3 Ke7 0-1

[Event "SR 2. liga A 2005/2006"]
[Site "?"]
[Date "2005.11.26"]
[Round "14.3"]
[White "Chovanec, Vladimir"]
[Black "Machalova, Maria"]
[Result "0-1"]
[WhiteElo "2111"]
[BlackElo "2140"]
[PlyCount "100"]
[EventDate "2005.??.??"]

1. e4 c5 2. Nf3 Nc6 3. d3 g6 4. g3 Bg7 5. Bg2 d6 6. O-O e6 7. c3 Nge7 8. Be3
O-O 9. d4 cxd4 10. Nxd4 d5 11. exd5 Nxd4 12. Bxd4 Nxd5 13. Bxg7 Kxg7 14. Na3
Qa5 15. Qd4+ Nf6 16. Nc4 Qc7 17. Rad1 Bd7 18. Ne5 Bb5 19. Ng4 e5 20. Nxe5 Rad8
21. Qe3 Bxf1 22. Rxd8 Rxd8 23. Bxf1 Re8 24. f4 Ng4 25. Qxa7 Nxe5 26. fxe5 Rxe5
27. Qd4 Qc5 28. Qxc5 Rxc5 29. c4 Ra5 30. a3 Kf6 31. Kf2 Ke5 32. Ke3 b6 33. Bg2
f5 34. h4 h6 35. Bc6 g5 36. hxg5 hxg5 37. a4 Ra7 38. b4 Kd6 39. Bb5 Re7+ 40.
Kf2 Rh7 41. Kg2 Ke5 42. c5 bxc5 43. bxc5 Kd4 44. c6 Ke3 45. Bc4 f4 46. Be6 f3+
47. Kg1 f2+ 48. Kg2 Rh2+ 49. Kxh2 f1=Q 50. c7 Kf2 0-1

[Event "SR 2. liga A 2005/2006"]
[Site "?"]
[Date "2005.11.26"]
[Round "14.4"]
[White "Kleman, Miroslav"]
[Black "Lauf, Pavol"]
[Result "1-0"]
[WhiteElo "2177"]
[BlackElo "2116"]
[PlyCount "105"]
[EventDate "2005.??.??"]

1. c4 e6 2. g3 Nf6 3. Qa4 Be7 4. Bg2 O-O 5. Nf3 d5 6. O-O Nbd7 7. cxd5 exd5 8.
d3 Re8 9. Re1 Nc5 10. Qc2 c6 11. b3 Bf5 12. Bb2 Ncd7 13. Nbd2 Bc5 14. e4 dxe4
15. dxe4 Bg6 16. Qc3 a5 17. a3 Bf8 18. Nh4 Nc5 19. Nxg6 hxg6 20. e5 Nd5 21. Qc2
Nc7 22. Re3 N7e6 23. Rd1 Qc7 24. Nc4 Rad8 25. Ree1 Rxd1 26. Rxd1 Rd8 27. Bc3 a4
28. bxa4 Rxd1+ 29. Qxd1 Qd8 30. Qxd8 Nxd8 31. a5 Be7 32. f4 Nde6 33. Kf2 Kf8
34. Ke3 Ke8 35. Bb4 Kd7 36. Bh3 Kd8 37. Bxe6 Nxe6 38. Bd6 Kd7 39. g4 Bxd6 40.
Nxd6 Nd8 41. Kf3 c5 42. Nxb7 Ne6 43. Nd6 f6 44. Ke4 Nc7 45. h4 Ke6 46. f5+
gxf5+ 47. gxf5+ Ke7 48. h5 Na6 49. Nc8+ Kf7 50. e6+ Ke8 51. Kd5 Kd8 52. Nd6 Ke7
53. Nb7 1-0

[Event "SR 2. liga A 2005/2006"]
[Site "?"]
[Date "2005.11.26"]
[Round "14.5"]
[White "Stefan, Oldrich"]
[Black "Macko, Michal"]
[Result "1/2-1/2"]
[WhiteElo "2080"]
[BlackElo "2140"]
[PlyCount "55"]
[EventDate "2005.??.??"]

1. d4 d5 2. Nf3 Nf6 3. c4 c6 4. e3 a6 5. a4 Bf5 6. Bd3 Bxd3 7. Qxd3 e6 8. O-O
Nbd7 9. b3 Be7 10. Nbd2 O-O 11. e4 dxe4 12. Nxe4 Nxe4 13. Qxe4 Nf6 14. Qc2 c5
15. Bb2 Rc8 16. Rad1 cxd4 17. Bxd4 Qa5 18. Qb2 Rfd8 19. Bc3 Qh5 20. Be5 Qh6 21.
Qe2 Nd7 22. Bd4 Qf4 23. Be3 Qe4 24. Rd4 Qc6 25. Rfd1 e5 26. Rd5 f6 27. Qc2 Nf8
28. Qd3 1/2-1/2

[Event "SR 2. liga A 2005/2006"]
[Site "?"]
[Date "2005.11.26"]
[Round "14.6"]
[White "Machalova, Erika"]
[Black "Bury, Rastislav"]
[Result "0-1"]
[WhiteElo "2062"]
[BlackElo "2047"]
[PlyCount "90"]
[EventDate "2005.??.??"]

1. d4 Nf6 2. c4 c5 3. d5 b5 4. cxb5 a6 5. b6 Qxb6 6. Nc3 g6 7. Nf3 Bg7 8. e4 d6
9. Be2 O-O 10. O-O Nbd7 11. Nd2 Ne5 12. Kh1 Bb7 13. f4 Ned7 14. Nc4 Qc7 15. a4
Nb6 16. Ra3 Rfe8 17. Nxb6 Qxb6 18. Bc4 Rad8 19. Rb3 Qc7 20. Qd3 Ra8 21. Bd2
Reb8 22. Ne2 e6 23. Nc3 exd5 24. exd5 Re8 25. h3 Bc8 26. Qf3 Bf5 27. Re1 Bc2
28. Ra3 Rxe1+ 29. Bxe1 Re8 30. Bd2 Ne4 31. Nxe4 Bxe4 32. Qf1 Bxb2 33. Rb3 Bd4
34. Bc3 Bc2 35. Ra3 Bxc3 36. Rxc3 Qa5 37. Qa1 Bxa4 38. Bb3 Re4 39. g3 Qb4 40.
Bxa4 Qxa4 41. Qb1 Qb4 42. Qc2 Re1+ 43. Kg2 Qd4 44. Rd3 Qe4+ 45. Kf2 Rh1 0-1

[Event "SR 2. liga A 2005/2006"]
[Site "?"]
[Date "2005.11.26"]
[Round "14.7"]
[White "Macka, Oto"]
[Black "Antol, Ladislav"]
[Result "0-1"]
[WhiteElo "1956"]
[BlackElo "2046"]
[PlyCount "76"]
[EventDate "2005.??.??"]

1. e4 c5 2. Nf3 d6 3. d4 cxd4 4. Nxd4 Nf6 5. Nc3 a6 6. Be3 e6 7. g4 Qc7 8. g5
Nfd7 9. Bg2 Ne5 10. Qe2 Nc4 11. O-O-O Nd7 12. f4 Nxe3 13. Qxe3 Nb6 14. Rhe1 Nc4
15. Qe2 b5 16. Kb1 Bd7 17. Rd3 b4 18. Nd1 Bb5 19. Nxb5 axb5 20. b3 Qa5 21. c3
Na3+ 22. Kb2 Rc8 23. Qd2 bxc3+ 24. Rxc3 Rxc3 25. Qxc3 Qxc3+ 26. Nxc3 b4 27. Na4
h6 28. h4 hxg5 29. hxg5 Rh4 30. Rf1 Rg4 31. Rf2 e5 32. f5 Rxg5 33. Kc1 g6 34.
fxg6 Rxg6 35. Kd2 Rg3 36. Bf3 Nb5 37. Nb6 Nd4 38. Bd1 Bh6+ 0-1

[Event "SR 2. liga A 2005/2006"]
[Site "?"]
[Date "2005.11.26"]
[Round "14.8"]
[White "Helbich, Branislav"]
[Black "Hudakova, Hana"]
[Result "1-0"]
[WhiteElo "2070"]
[BlackElo "1756"]
[PlyCount "73"]
[EventDate "2005.??.??"]

1. e4 c5 2. Nf3 d6 3. d4 cxd4 4. Nxd4 Nf6 5. Bd3 e6 6. O-O Be7 7. c4 O-O 8. Nc3
a6 9. Be3 Nbd7 10. f4 Qc7 11. Rc1 Nc5 12. Bb1 b6 13. e5 dxe5 14. fxe5 Qxe5 15.
Bf4 Qh5 16. Nc6 Re8 17. Nxe7+ Rxe7 18. Qd8+ Re8 19. Qxb6 Bd7 20. Bd6 Na4 21.
Nxa4 Bxa4 22. b3 Bd7 23. Bd3 Rec8 24. Qf2 e5 25. Qg3 e4 26. Bc2 Bf5 27. h3 Qg6
28. Qe3 Rc6 29. Be5 Re6 30. Bxf6 Rxf6 31. Rfe1 Re6 32. Rcd1 h5 33. b4 Rae8 34.
Bb3 Rd6 35. c5 Rf6 36. Ba4 Rb8 37. a3 1-0

[Event "SR 2. liga A 2005/2006"]
[Site "?"]
[Date "2005.11.26"]
[Round "15.1"]
[White "Petrik, Stanislav"]
[Black "Ruckschloss, Karol"]
[Result "0-1"]
[WhiteElo "2246"]
[BlackElo "2273"]
[PlyCount "112"]
[EventDate "2005.??.??"]

1. e4 d6 2. d4 Nf6 3. Nc3 g6 4. Bf4 c6 5. Qd2 Qa5 6. O-O-O b5 7. e5 b4 8. exf6
bxc3 9. Qxc3 Qxc3 10. bxc3 exf6 11. d5 c5 12. Nf3 Nd7 13. Bb5 Rb8 14. Bc6 Kd8
15. Nd2 Ne5 16. Ne4 Be7 17. Rhe1 Bd7 18. Bg3 Re8 19. f4 Nc4 20. Bh4 Bxc6 21.
dxc6 Kc7 22. Nxc5 dxc5 23. Rd7+ Kxc6 24. Rexe7 Rxe7 25. Rxe7 Rb7 26. Rxb7 Kxb7
27. Bxf6 Kc6 28. g4 Kd5 29. Be7 Ne3 30. h3 c4 31. Kb2 Nd1+ 32. Ka3 Nxc3 33. Kb2
Nb5 34. a4 Nd4 35. c3 Nc6 36. Bg5 Ke4 37. Kc2 Kf3 38. f5 Kg3 39. fxg6 hxg6 40.
h4 Kxg4 41. Kd2 Kf3 42. Bf6 a6 43. Ke1 Ke4 44. Kf2 Ne5 45. Kg3 Nd7 46. Bd4 f5
47. h5 gxh5 48. Kh4 Ne5 49. Kxh5 f4 50. Bb6 f3 51. Kh4 Nd3 52. Kg3 Nb2 53. a5
Nd1 54. Bd4 f2 55. Kg2 Kd3 56. Kf1 Kd2 0-1

[Event "SR 2. liga A 2005/2006"]
[Site "?"]
[Date "2005.11.26"]
[Round "15.2"]
[White "Provaznik, Michal"]
[Black "Biro, Karol"]
[Result "1/2-1/2"]
[WhiteElo "2164"]
[BlackElo "2172"]
[PlyCount "116"]
[EventDate "2005.??.??"]

1. Nf3 Nf6 2. d4 d5 3. g3 c6 4. Bg2 Bf5 5. O-O h6 6. b3 e6 7. Bb2 Be7 8. Nbd2
Ne4 9. c4 Nd7 10. Ne1 Nxd2 11. Qxd2 O-O 12. f3 a5 13. e4 Bh7 14. Nd3 a4 15.
Rfe1 axb3 16. axb3 Rxa1 17. Bxa1 e5 18. cxd5 exd4 19. Bxd4 cxd5 20. exd5 Nf6
21. Nf4 Bd6 22. Qb2 Re8 23. Rxe8+ Qxe8 24. Qe2 Qc8 25. Qc4 Qd8 26. Ne2 Bf8 27.
Nc3 Bf5 28. f4 Qe7 29. Qe2 Qb4 30. Qc4 Qa3 31. Nb5 Qa2 32. d6 Qb1+ 33. Bf1 Ne4
34. Qd3 Qe1 35. g4 Bd7 36. Qe3 Qd1 37. Qe2 Qxb3 38. Qxe4 Bc6 39. Qd3 Qd5 40.
Nc3 Qh1+ 41. Kf2 Qxh2+ 42. Ke1 Qxf4 43. Qe3 Qxd6 44. Qe5 Qb4 45. Bd3 Bd7 46.
Qe4 Qe7 47. Be5 g6 48. Nd5 Qh4+ 49. Kf1 Bc6 50. Nf6+ Qxf6+ 51. Bxf6 Bxe4 52.
Bxe4 b6 53. Bd5 Bg7 54. Be7 Bd4 55. Ke2 Kg7 56. Kd3 Bf6 57. Bd6 Bd8 58. Ke4 Bf6
1/2-1/2

[Event "SR 2. liga A 2005/2006"]
[Site "?"]
[Date "2005.11.26"]
[Round "15.3"]
[White "Krajnak, Robert"]
[Black "Horak, Ivan"]
[Result "1-0"]
[WhiteElo "2089"]
[BlackElo "2141"]
[PlyCount "113"]
[EventDate "2005.??.??"]

1. c4 e6 2. Nf3 d5 3. d4 c6 4. cxd5 exd5 5. Nc3 Nf6 6. Bg5 Bd6 7. Qc2 O-O 8. e3
h6 9. Bh4 Re8 10. Bd3 Nbd7 11. O-O Nf8 12. Bg3 Bxg3 13. hxg3 Re7 14. b4 a6 15.
a4 Rc7 16. Rac1 Be6 17. a5 Qd6 18. Qb3 Re8 19. Na4 Ne4 20. Nc5 Bg4 21. Bxe4
dxe4 22. Ne5 Be2 23. Rfe1 Bb5 24. Nxe4 Qe7 25. Nc5 Qg5 26. Rcd1 Ne6 27. Nf3 Qd5
28. Qxd5 cxd5 29. Rc1 Rec8 30. Nd2 Nxc5 31. Rxc5 Rxc5 32. dxc5 Bc6 33. Nf3 g6
34. Nd4 Ra8 35. f3 Kf8 36. Kf2 Ke7 37. g4 Kf6 38. Rh1 Kg7 39. Ke2 Re8 40. Kd3
Re7 41. b5 axb5 42. Rb1 Re8 43. a6 Ra8 44. axb7 Bxb7 45. Nxb5 Ba6 46. Kd4 Rb8
47. Nc3 Rxb1 48. Nxb1 h5 49. gxh5 gxh5 50. g3 Be2 51. f4 Kf6 52. Nc3 Bf3 53. c6
Ke6 54. Kc5 d4 55. exd4 Kf5 56. d5 Kg4 57. c7 1-0

[Event "SR 2. liga A 2005/2006"]
[Site "?"]
[Date "2005.11.26"]
[Round "15.4"]
[White "Kovarik, Oto"]
[Black "Farkas, Vladimir"]
[Result "0-1"]
[WhiteElo "2108"]
[BlackElo "2061"]
[PlyCount "121"]
[EventDate "2005.??.??"]

1. e4 d6 2. d4 g6 3. f4 Bg7 4. Nf3 Nf6 5. Bd3 c5 6. e5 dxe5 7. dxe5 Nfd7 8. O-O
Nc6 9. c3 O-O 10. e6 fxe6 11. Ng5 Nf6 12. Qe2 Qd6 13. Na3 Nd8 14. Nc4 Qc7 15.
a4 Nd5 16. g3 b6 17. Bd2 Bd7 18. Nxh7 Kxh7 19. Qh5+ Kg8 20. Qxg6 Nf6 21. g4 Be8
22. Qg5 Nd7 23. Qh4 Rf6 24. g5 Rf5 25. Bxf5 exf5 26. Qg3 Bf7 27. Qd3 Bxc4 28.
Qxc4+ e6 29. h4 Nf8 30. h5 Qf7 31. Qe2 Nb7 32. Be3 Nd6 33. a5 Rd8 34. Rad1 Rd7
35. axb6 axb6 36. Kh2 Ne4 37. g6 Qe8 38. Rxd7 Nxd7 39. Rd1 Nef6 40. Qf1 Bh6 41.
b4 Qa8 42. Qg2 Qxg2+ 43. Kxg2 Nd5 44. Kf3 cxb4 45. cxb4 N7f6 46. Bd4 Nxh5 47.
Rh1 Bg7 48. Bxb6 Nhxf4 49. Bc5 Nd3 50. Rb1 Bc3 51. Rb3 Bxb4 52. Bd4 e5 53. Be3
e4+ 54. Ke2 Nxe3 55. Kxe3 Kg7 56. Rb1 Kxg6 57. Rg1+ Kf6 58. Rh1 Ke5 59. Rh5
Bc5+ 60. Kd2 Nf4 61. Rh8 0-1

[Event "SR 2. liga A 2005/2006"]
[Site "?"]
[Date "2005.11.26"]
[Round "15.5"]
[White "Raczko, Peter"]
[Black "Kubis, Ivan"]
[Result "0-1"]
[WhiteElo "2041"]
[BlackElo "2069"]
[PlyCount "56"]
[EventDate "2005.??.??"]

1. e4 e5 2. Nf3 Nc6 3. Bc4 Nf6 4. d3 Be7 5. Bg5 d6 6. Nbd2 Na5 7. Bb5+ c6 8.
Ba4 b5 9. Bb3 Nxb3 10. axb3 a5 11. h3 h6 12. Be3 c5 13. O-O O-O 14. Nh2 d5 15.
f3 d4 16. Bf2 Nh5 17. Ng4 Qd6 18. Qe1 Nf4 19. Bh4 h5 20. Bxe7 Qxe7 21. Nf2 Qg5
22. g4 Qh4 23. Nh1 Nxh3+ 24. Kg2 Nf4+ 25. Kg1 Qg5 26. Ng3 hxg4 27. fxg4 Qxg4
28. Nf3 Nh5 0-1